[Event "Spring op"]
[Site "Budapest"]
[Date "1990.??.??"]
[Round "4"]
[White "Magerramov, Elmar"]
[Black "Dezelin, Milan"]
[Result "1/2-1/2"]
[WhiteElo "2500"]
[BlackElo "2350"]

1.d4 Nf6 2.c4 e6 3.Nf3 Bb4+ 4.Bd2 c5 5.Bxb4 cxb4 6.g3 O-O 7.Bg2 d6 8.O-O Re8
9.Re1 Nc6 10.a3 bxa3 11.Rxa3 e5 12.d5 Nb4 13.Qd2 a5 14.e4 b6 15.Nc3 Ba6 16.b3 Nd7
17.Rea1 Nc5 18.Nh4 g6 19.Nd1 Bc8 20.Ne3 Qg5 21.Rd1 Bd7 22.f3 Rf8 23.Bf1 Rae8
24.Qc1  1/2-1/2

[Event "Spring op"]
[Site "Budapest"]
[Date "1990.??.??"]
[Round "5"]
[White "Neverov, Valeriy"]
[Black "Gostisa, Leon"]
[Result "1/2-1/2"]
[WhiteElo "2505"]
[BlackElo "2370"]

1.d4 Nf6 2.c4 e6 3.Nf3 Bb4+ 4.Bd2 c5 5.Bxb4 cxb4 6.a3 bxa3 7.Rxa3 O-O 8.Nc3 d6
9.b4 Qe7 10.e3 b6 11.Be2 Bb7 12.O-O Rc8 13.Qb3 a6 14.Rfa1 Ne4 15.Nxe4 Bxe4
16.Nd2 Bb7 17.f4 Rc7 18.Bf3 Bxf3 19.Nxf3 Rca7 20.d5 h6 21.Nd4 e5 22.fxe5 Qxe5
23.b5 a5 24.Nc6 Qe4 25.Nxa7 Rxa7 26.Qb2 Nd7 27.Qd4 Nc5 28.Rf1 Re7 29.h3 Re5
30.Rf4 Qb1+ 31.Kh2 Qc1 32.Qc3 Qxc3  1/2-1/2

[Event "Spring op"]
[Site "Budapest"]
[Date "1990.??.??"]
[Round "5"]
[White "Lukacs, Peter"]
[Black "Bradbury, Neil H"]
[Result "0-1"]
[WhiteElo "2505"]
[BlackElo "2350"]

1.d4 Nf6 2.c4 e6 3.Nf3 Bb4+ 4.Bd2 a5 5.g3 O-O 6.Bg2 Nc6 7.O-O Bxd2 8.Qxd2 d5
9.Qc2 Bd7 10.Nbd2 Qe7 11.Rfe1 Nb4 12.Qc3 c5 13.a3 cxd4 14.Nxd4 e5 15.axb4 exd4
16.Qa3 a4 17.cxd5 Rac8 18.b5 Qxa3 19.bxa3 Bxb5 20.Nf3 Rc4 21.Red1 d3 22.exd3 Rc3
23.Ne5 Rd8 24.Rdc1 Rb3 25.f4 g6 26.Rc7 Nxd5 27.Rxb7 Ne3 28.Nxf7 Rdxd3 29.Ne5 Rd2
30.Bh3 Bc6 31.Rxb3 axb3 32.Nc4 Nxc4 33.Be6+ Kg7 34.Bxc4 b2 35.Re1 Rg2+ 36.Kf1 Rxh2
37.Bd3 Rd2 38.Bb1 Bb5+ 39.Kg1 Bd3 40.Ba2 Rc2  0-1

[Event "Noviki-A"]
[Site "Budapest"]
[Date "1990.??.??"]
[Round "8"]
[White "Kallai, Gabor"]
[Black "Schmittdiel, Eckhard"]
[Result "1/2-1/2"]
[WhiteElo "2420"]
[BlackElo "2455"]

1.d4 Nf6 2.c4 e6 3.Nf3 Bb4+ 4.Bd2 c5 5.Bxb4 cxb4 6.g3 O-O 7.Bg2 d6 8.O-O Qc7
9.Qd3 b6 10.a3 bxa3 11.Nxa3 Bb7 12.Nb5 Qe7 13.Nh4 Bxg2 14.Nxg2  1/2-1/2

[Event "Spring op"]
[Site "Budapest"]
[Date "1990.??.??"]
[Round "9"]
[White "Antic, Dejan"]
[Black "Drasko, Milan"]
[Result "1/2-1/2"]
[WhiteElo "2330"]
[BlackElo "2445"]

1.d4 e6 2.c4 Nf6 3.Nf3 Bb4+ 4.Bd2 Qe7 5.g3 Nc6 6.a3 Bxd2+ 7.Qxd2 d6 8.Bg2 O-O
9.b4 e5 10.d5 Nb8 11.Nc3 Nbd7 12.e4 c5 13.O-O a5 14.Nh4 g6 15.bxa5 Rxa5 16.f4 exf4
17.gxf4 Ra6 18.Rae1 Nh5 19.Nf3 Qf6 20.e5 Qxf4 21.exd6 Rxd6 22.Nb5 Rf6 23.Qxf4 Nxf4
24.Ne5 Nxe5 25.Rxe5 Kg7 26.Rd1 Bg4 27.Rd2 Nh3+ 28.Kh1 Rf4 29.Re3 Ng5 30.h4 Ne6
31.dxe6 Bxe6 32.Re4 Rxe4 33.Bxe4 Bxc4 34.Nd6 Bb3 35.Bxb7 c4 36.Ne4 f5 37.Rd7+ Kh6
38.Nd2 Re8 39.Rd4 Re1+ 40.Kg2 Ra1 41.Nxc4 Bxc4 42.Rxc4 Rxa3 43.Bf3 Ra6 44.Rc7 g5
45.hxg5+ Kxg5 46.Rxh7 Rb6 47.Kg3 Rd6 48.Rh5+ Kg6 49.Kf4 Rd4+ 50.Ke5 Re4+
51.Kd5 Re3 52.Rh3 Kg5 53.Kd4 Kf4 54.Rh4+ Kg3 55.Kxe3 Kxh4  1/2-1/2

[Event "Cannes op"]
[Site "Cannes"]
[Date "1990.??.??"]
[Round "1"]
[White "Brulhart, K."]
[Black "Hmadi, Slaheddine"]
[Result "0-1"]
[WhiteElo "2025"]
[BlackElo "2290"]

1.d4 Nf6 2.c4 e6 3.Nf3 Bb4+ 4.Bd2 a5 5.Qc2 b6 6.e4 Bb7 7.Bd3 d6 8.O-O Bxd2
9.Nbxd2 Nc6 10.a3 e5 11.d5 Ne7 12.b4 O-O 13.c5 Nh5 14.Nc4 Nf4 15.Ne3 Nxd3
16.Qxd3 Ba6 17.b5 Bc8 18.cxd6 cxd6 19.Rac1 f5 20.exf5 Nxf5 21.Rc6 Bd7 22.Nxf5 Bxf5
23.Qe3 Rb8 24.Nd2 Bd7 25.Rxd6 Qc7 26.Qxe5 Rbe8 27.Qg3 Bxb5 28.Rb1 Bd3 29.Qxd3 Qxd6
30.Ne4 Qe5 31.f3 Rc8 32.Qb3 Qd4+ 33.Kh1 Rfd8 34.d6+ Qc4 35.Qxc4+ Rxc4 36.Kg1 Rc6
37.Kf2 h6 38.Ke3 Kf7 39.Kd4 Ke6 40.Rb5 Kd7 41.h4 Rf8 42.Re5 Rf7 43.g4 Rc1
44.g5 hxg5 45.hxg5 g6 46.Kd5 Rd1+ 47.Kc4 Rxf3 48.Re7+ Kd8 49.Re6 Rf4 50.Kb5 Re1
51.Nc5 Rb1+  0-1

[Event "Cannes op"]
[Site "Cannes"]
[Date "1990.??.??"]
[Round "6"]
[White "De Boer, Gert Jan"]
[Black "Schienmann, Bruno"]
[Result "1-0"]
[WhiteElo "2375"]
[BlackElo "2245"]

1.d4 e6 2.c4 Nf6 3.Nf3 Bb4+ 4.Bd2 a5 5.Nc3 d6 6.Qc2 b6 7.e4 Bb7 8.Bd3 Nbd7
9.O-O e5 10.Nd5 Bxd2 11.Qxd2 O-O 12.Rfe1 Re8 13.Nc3 Nf8 14.Rad1 N6d7 15.Bf1 c6
16.g3 Qf6 17.Bg2 Rad8 18.d5 c5 19.Nh4 Ba6 20.b3 g6 21.Rf1 Re7 22.Bh3 Rde8
23.f3 Kh8 24.Rf2 Qg7 25.Rdf1 Nf6 26.Kh1 Bc8 27.Bxc8 Rxc8 28.Nb5 Ne8 29.Re1 Nd7
30.f4 exf4 31.gxf4 Qh6 32.Nf3 f6 33.Rfe2 Kg8 34.Rg2 Qh5 35.Rg3 Qh6 36.Kg2 Qf8
37.Qc3 Rf7 38.Kh1 Ng7 39.Rg2 Re8 40.Qd2 Kh8 41.Qf2 g5 42.Nc7 Ree7 43.f5 Ne5
44.Ne6 Nd3 45.Qf1 Nxe6 46.dxe6 Nxe1 47.Nxe1 Rg7 48.a4 h5 49.Nc2 Qa8 50.Qd3 h4
51.Ne3 h3 52.Rg4 Rh7 53.Qxd6 b5 54.cxb5 Re8 55.Nd5 Rd8 56.Qxc5 Rc8 57.Qd4 Rc1+
58.Rg1 Qc8 59.Qxf6+ Rg7 60.Qh6+ Rh7  1-0

[Event "Cannes op"]
[Site "Cannes"]
[Date "1990.??.??"]
[Round "9"]
[White "Eperjesi, Laszlo"]
[Black "Hmadi, Slaheddine"]
[Result "1-0"]
[WhiteElo "2365"]
[BlackElo "2290"]

1.d4 Nf6 2.Nf3 e6 3.c4 Bb4+ 4.Bd2 a5 5.g3 b6 6.Bg2 Bb7 7.O-O O-O 8.Nc3 d6
9.Qc2 Nbd7 10.Rfe1 Qe7 11.e4 e5 12.d5 Bxc3 13.Bxc3 c6 14.Bf1 Nc5 15.Nd2 Rfc8
16.b3 Qd8 17.dxc6 Bxc6 18.Rad1 Qe7 19.f3 Nh5 20.Bh3 Rf8 21.Nf1 Rad8 22.Ne3 g6
23.Nd5 Qb7 24.Qc1 Bxd5 25.Rxd5 Nf6 26.Rd2 Qc7 27.Ba1 b5 28.cxb5 Qb6 29.Kh1 Qxb5
30.Qd1 Qb6 31.Bg2 Nh5 32.Qe2 a4 33.bxa4 Nxa4 34.Red1 Nc5 35.Qe3 Rfe8 36.f4 f6
37.Rd5 Ng7 38.fxe5 fxe5 39.Qd2 Nb7 40.a4 Ne6 41.Rb5 Qc6 42.Rdb1 Nbc5 43.Qc2 Qa6
44.a5 Nc7 45.Qa2+ Kh8 46.Rb6 Qd3 47.Qf7 N5e6 48.Qf6+ Kg8 49.Qf1 Qxf1+ 50.Bxf1 Nc5
51.Bc4+ Kh8 52.Rc6 Re7 53.Re1 Ne8 54.Bc3 Nf6 55.a6 Kg7 56.Ba5 Rdd7 57.Bb6 Ncxe4
58.Ra1 Re8 59.a7 Ra8 60.Rc7 Nd2 61.Bd5  1-0

[Event "JUG-chT Cetinje"]
[Site "Cetinje"]
[Date "1990.??.??"]
[Round "1"]
[White "Ilic, Zoran"]
[Black "Pajkovic, Vladimir"]
[Result "0-1"]
[WhiteElo "2375"]
[BlackElo "2425"]

1.d4 Nf6 2.Nf3 e6 3.c4 Bb4+ 4.Bd2 a5 5.g3 d6 6.Bg2 Nbd7 7.Nc3 O-O 8.Qc2 d5
9.cxd5 exd5 10.O-O Re8 11.Bg5 c6 12.a3 Bd6 13.Rab1 h6 14.Bf4 Qe7 15.Bxd6 Qxd6
16.b4 Ne4 17.Nxe4 dxe4 18.Nd2 Qxd4 19.Nxe4 axb4 20.Rfd1 Qe5 21.Nd6 bxa3 22.Nxe8 Qxe8
23.Ra1 Nf6 24.Qc5 a2 25.Rd2 Be6 26.Qb6 Nd5 27.Qb2 Ne7 28.Qxb7 Rb8 29.Qa7 Rb1+
30.Rd1 Rxd1+ 31.Rxd1 Bb3 32.Rd3 Nc8 33.Qa8 Qe5 34.Qxc8+ Kh7 35.Rxb3 a1=Q+
36.Bf1 Qd5 37.Rf3 Qb1 38.Qg4 Qdd1 39.Qh3 Qd5 40.Rd3 Qe5 41.Re3 Qef5 42.Qg2 c5
43.g4 Qf4 44.Rf3 Qfe4 45.Rxf7 Qxg2+ 46.Kxg2 c4 47.Rc7 Qe4+ 48.f3 Qd4 49.Kh3 c3
50.Bg2 Qe3 51.Rc4 Kg8 52.Kg3 Qxe2 53.Rc8+ Kf7 54.f4 c2  0-1

[Event "JUG-chT Cetinje"]
[Site "Cetinje"]
[Date "1990.??.??"]
[Round "5"]
[White "Gostisa, Leon"]
[Black "Maksimovic, Branimir"]
[Result "1-0"]
[WhiteElo "2370"]
[BlackElo "2365"]

1.d4 Nf6 2.Nf3 e6 3.c4 Bb4+ 4.Bd2 Qe7 5.g3 Nc6 6.Bg2 Bxd2+ 7.Nfxd2 d6 8.O-O a5
9.e4 e5 10.d5 Nb8 11.c5 O-O 12.cxd6 cxd6 13.Qe2 Na6 14.Nc4 Nc5 15.Nb6 Ra6
16.Nxc8 Rxc8 17.Nd2 a4 18.Rfc1 Qd7 19.Bf1 Ra7 20.f3 Ne8 21.Nc4 Ra6 22.Qf2 Qe7
23.Rc2 Rc7 24.Rac1 b6 25.Nxd6 Qxd6 26.Bxa6 Nxa6 27.Rxc7 Naxc7 28.Rc6 Qd7
29.Qxb6 h5 30.Kg2 h4 31.g4 Kh7 32.Qa7 Qd8 33.Qxa4 Qg5 34.Qc2 Nb5 35.Qc1 Qe7
36.Qc5 Nbd6 37.a4 Qf6 38.Qe3 Qd8 39.b4 Nc8 40.Rc2 Ned6 41.b5 Qa5 42.Qg5 f6
43.Qxh4+ Kg8 44.Qf2 Qxa4 45.Qe2 Nb6 46.Rc6 Ndc4 47.Kg3 Qb3 48.h4 Qc3 49.Qf2 Qd4
50.Qxd4 exd4 51.Kf2 d3 52.Ke1 Kf7 53.f4 Ke7 54.h5 Kf7 55.g5 f5 56.exf5 d2+
57.Ke2 d1=Q+ 58.Kxd1 Ne3+ 59.Ke2 Nexd5 60.Kf3 Nd7 61.Rd6 N5b6 62.f6 gxf6
63.g6+ Kg7 64.Kg4 Kh6 65.Kf5 Kg7 66.Kg4 Kh6 67.Kh4 f5 68.Kg3 Kg7 69.Kh3 Kh6
70.Kh4  1-0

[Event "Cheliabinsk-A"]
[Site "Cheliabinsk"]
[Date "1990.??.??"]
[Round "?"]
[White "Magerramov, Elmar"]
[Black "Maksimovic, Branimir"]
[Result "1-0"]
[WhiteElo "2500"]
[BlackElo "2375"]

1.d4 Nf6 2.c4 e6 3.Nf3 Bb4+ 4.Bd2 Qe7 5.g3 Nc6 6.Nc3 d5 7.a3 Bxc3 8.Bxc3 O-O
9.Bg2 Ne4 10.Qd3 a5 11.Rc1 Bd7 12.O-O f5 13.Nd2 Qd6 14.Rfd1 Be8 15.Qe3 Ne7
16.f3 Nxc3 17.Qxc3 f4 18.Nf1 c6 19.e3 fxg3 20.hxg3 Nf5 21.Qe1 Bg6 22.g4 Ne7
23.Qg3 Qxg3 24.Nxg3 Nc8 25.c5 Ne7 26.Ne2 Bf7 27.Nf4 g5 28.Nd3 Ng6 29.f4 h6
30.Rf1 Kg7 31.Kh2 Bg8 32.Kg3 Rf6 33.Rf2 Bh7 34.Bf1 Raf8 35.Be2 R8f7 36.Ne5 Re7
37.Rh1 Nxe5 38.dxe5 Rf8 39.fxg5 Rxf2 40.gxh6+ Kh8 41.Kxf2 Be4 42.Rh2 b6 43.cxb6 Rb7
44.Bf3 Bd3 45.Kg3 Rxb6 46.g5 c5 47.Bg4 Kh7 48.Rf2 Kg6 49.Kh4 Bf5 50.Bxf5+ exf5
51.Rd2  1-0

[Event "Cheliabinsk-A"]
[Site "Cheliabinsk"]
[Date "1990.??.??"]
[Round "?"]
[White "Magerramov, Elmar"]
[Black "Ganbaatar, Ishdagva"]
[Result "1-0"]
[WhiteElo "2500"]
[BlackElo "2255"]

1.d4 Nf6 2.c4 e6 3.Nf3 Bb4+ 4.Bd2 Bxd2+ 5.Qxd2 d5 6.g3 c6 7.Bg2 Ne4 8.Qc2 Qa5+
9.Nbd2 Nd7 10.O-O Nxd2 11.Nxd2 O-O 12.e4 dxe4 13.Nxe4 Qf5 14.Qe2 Qg6 15.f4 Rb8
16.Rad1 Rd8 17.Ng5 Nf6 18.Rfe1 Bd7 19.Nf3 Qh5 20.Qd2 c5 21.Re5 Qh6 22.dxc5 Be8
23.Qxd8 Rxd8 24.Rxd8 Kf8 25.Re1 Nd7 26.Rc8 Qg6 27.Ne5 Nxe5 28.fxe5 Qd3 29.c6 bxc6
30.Bxc6 g6 31.Rxe8+ Kg7 32.b3 Qd2 33.Rf1 Qg5 34.Kh1 a5 35.Bg2 h5 36.Rb8 Qxe5
37.Rb7 Kh6 38.Rbxf7 Qe2 39.c5 e5 40.c6 Qc2 41.c7 e4 42.Bh3  1-0

[Event "Copenhagen op"]
[Site "Copenhagen"]
[Date "1990.??.??"]
[Round "8"]
[White "Danielsen, Henrik"]
[Black "Overgaard, Christian Monrad"]
[Result "1-0"]
[WhiteElo "2375"]
[BlackElo "2245"]

1.d4 Nf6 2.Nf3 e6 3.c4 Bb4+ 4.Bd2 Qe7 5.g3 Nc6 6.Bg2 Bxd2+ 7.Nbxd2 d6 8.O-O e5
9.d5 Nb8 10.e4 Bg4 11.b4 a5 12.a3 O-O 13.Qc2 Bxf3 14.Bxf3 axb4 15.axb4 Na6
16.Qc3 c5 17.dxc6 bxc6 18.Rab1 c5 19.b5 Nc7 20.Ra1 Ne6 21.Rxa8 Rxa8 22.Ra1 Rb8
23.Ra6 Nd4 24.Qa3 Nd7 25.Qa5 Nf8 26.Ra7 Rb7 27.Ra8 g6 28.Kg2 Kg7 29.Nf1 Nfe6
30.h4 Nxf3 31.Kxf3 f5 32.exf5 gxf5 33.Ne3 Qf7 34.Kg2 f4 35.Nd5 fxg3 36.fxg3 Qg6
37.Qc3 Rf7 38.Qd2 Qe4+ 39.Kh2 Qxc4 40.b6 Qf1 41.Ra7 Kg6 42.Rxf7 Kxf7 43.Qa2 Kg7
44.Ne3 Qf3 45.b7 Qxe3 46.b8=Q Nd4 47.Qag8+  1-0

[Event "Dortmund op"]
[Site "Dortmund"]
[Date "1990.??.??"]
[Round "11"]
[White "Gruber, Thomas"]
[Black "Borsos, Bogdan"]
[Result "0-1"]
[WhiteElo "2235"]
[BlackElo "2350"]

1.d4 Nf6 2.Nf3 e6 3.c4 Bb4+ 4.Bd2 Qe7 5.g3 Nc6 6.Bg2 Bxd2+ 7.Nbxd2 a5 8.O-O d6
9.e4 e5 10.d5 Nb8 11.Qc2 O-O 12.Ne1 Na6 13.Nd3 c6 14.dxc6 bxc6 15.a3 Bg4
16.Rfe1 Rab8 17.Rab1 Nc5 18.Nxc5 dxc5 19.Nb3 Ra8 20.Qc3 a4 21.Nc1 Rfd8 22.Nd3 Rd4
23.b4 axb3 24.Rxb3 h6 25.f3 Bh5 26.Kf2 Qd6 27.Re3 Nd7 28.Nc1 Ra4 29.Bf1 f6
30.Rd3 Bf7 31.Ne2 Bxc4 32.Nxd4 cxd4 33.Qb2 Kh7 34.Rb4 Rxb4 35.Qxb4 Qxb4 36.axb4 Bxd3
37.Bxd3 Kg8 38.Ba6 Kf8 39.Bb7 Nb8 40.Ke2 Ke7 41.Bc8 Kd8 42.Be6 Na6  0-1

[Event "Espoo"]
[Site "Espoo"]
[Date "1990.??.??"]
[Round "2"]
[White "Henttinen, Markku IO"]
[Black "Nokso Koivisto, A."]
[Result "1/2-1/2"]
[WhiteElo "2300"]
[BlackElo "2380"]

1.d4 Nf6 2.c4 e6 3.Nf3 Bb4+ 4.Bd2 Bxd2+ 5.Qxd2 d5 6.Nc3 O-O 7.e3 b6 8.Be2 dxc4
9.O-O Bb7 10.Rfd1 Nbd7 11.Bxc4 c5 12.Qe2 Qe7 13.Rac1 Rfd8 14.Ba6 Bxa6 15.Qxa6 cxd4
16.Nxd4 Nc5 17.Qa3 Qb7 18.b4 Nce4 19.Nxe4 Nxe4 20.b5 Nc5 21.Nc6 Rxd1+ 22.Rxd1 a6
23.Qb4 axb5 24.Qxb5 g6 25.Nd8 Qe7 26.Qxb6 Nd7 27.Nc6  1/2-1/2

[Event "FIN-chT"]
[Site "?"]
[Date "1990.??.??"]
[Round "?"]
[White "Tikkanen, Kari"]
[Black "Pulkkinen, Kari"]
[Result "1/2-1/2"]
[WhiteElo "2245"]
[BlackElo "2285"]

1.d4 Nf6 2.c4 e6 3.Nf3 Bb4+ 4.Bd2 Qe7 5.Nc3 d5 6.e3 O-O 7.a3 Bxc3 8.bxc3 Nbd7
9.cxd5 exd5 10.c4 b6 11.cxd5 Nxd5 12.Bc4 N7f6 13.Qb3 Bb7 14.O-O a5 15.a4 Rfd8
16.Rfc1 Ne4 17.Be1 Ng5 18.Be2 Rd6 19.Nxg5 Qxg5 20.Bf3 Rh6 21.g3 Qf5 22.Bg2 Re8
23.Qb5 c6 24.Qe2 c5 25.Qf3 Qxf3 26.Bxf3 cxd4 27.Rd1 Ba8  1/2-1/2

[Event "AUT-ch sf"]
[Site "Finkenstein"]
[Date "1990.??.??"]
[Round "?"]
[White "Kwatschewsky, Leo"]
[Black "Gaertner, Guntram"]
[Result "1/2-1/2"]
[WhiteElo "2325"]
[BlackElo "2240"]

1.d4 Nf6 2.c4 e6 3.Nf3 Bb4+ 4.Bd2 a5 5.g3 b6 6.Bg2 Bb7 7.O-O Bxd2 8.Nbxd2 d6
9.Qc2 Nbd7 10.e3 O-O  1/2-1/2

[Event "Gausdal Int"]
[Site "Gausdal"]
[Date "1990.??.??"]
[Round "1"]
[White "Engqvist, Thomas"]
[Black "Inkiov, Ventzislav"]
[Result "1/2-1/2"]
[WhiteElo "2365"]
[BlackElo "2510"]

1.d4 Nf6 2.c4 e6 3.Nf3 Bb4+ 4.Bd2 Qe7 5.g3 O-O 6.Bg2 Bxd2+ 7.Qxd2 d6 8.Nc3 e5
9.O-O Re8 10.e4 Bg4 11.d5 Bxf3 12.Bxf3 c5 13.Be2 Nbd7 14.Bd3 g6 15.Rae1 Nh5
16.a3 a6 17.Kh1 Rf8 18.Qh6 Ng7 19.g4 Nf6 20.Rg1 Kh8 21.Rg3 Ng8 22.Qd2 Qh4
23.Reg1 f6 24.Ne2 Qg5 25.Qe3 Ne7 26.R1g2 Rf7 27.Ng1 Qxe3 28.fxe3 a5 29.Ne2 Ne8
30.Nc3 Nc7 31.h4 Raf8 32.Rf2 Kg7 33.Rg1 Ng8  1/2-1/2

[Event "Peer Gynt"]
[Site "Gausdal"]
[Date "1990.??.??"]
[Round "2"]
[White "Ostergaard, Jens"]
[Black "Schmittdiel, Eckhard"]
[Result "0-1"]
[WhiteElo "2295"]
[BlackElo "2505"]

1.d4 Nf6 2.Nf3 e6 3.c4 Bb4+ 4.Bd2 c5 5.Bxb4 cxb4 6.g3 O-O 7.Bg2 d6 8.O-O Qc7
9.Qb3 a5 10.a3 Na6 11.axb4 Nxb4 12.Nbd2 e5 13.Rac1 Re8 14.e4 b6 15.h3 Bb7
16.Rfe1 Nd7 17.Qa3 Re7 18.Rc3 Rae8 19.d5 Nc5 20.Rec1 Bc8 21.Ne1 f5 22.Nc2 fxe4
23.Nxe4 Bf5 24.Re1 Bxe4 25.Bxe4 Nxe4 26.Rxe4 Qc5 27.Qa4 Rf8 28.Re2 Ref7 29.Ne3 e4
30.g4 g6 31.g5 Nd3 32.Qc6 Nf4 33.Rd2 Nxh3+ 34.Kg2 Nxg5 35.Qxc5 bxc5 36.Ra3 Nf3
37.Rd1 Kg7 38.Rxa5 Nh4+ 39.Kg3 g5 40.Rf1 Rf3+  0-1

[Event "BL2-SW8990"]
[Site "Germany"]
[Date "1990.??.??"]
[Round "?"]
[White "Schuh, Hubert"]
[Black "Werner, Clemens"]
[Result "1/2-1/2"]
[WhiteElo "2375"]
[BlackElo "2280"]

1.d4 Nf6 2.c4 e6 3.Nf3 Bb4+ 4.Bd2 Be7 5.Nc3 d5 6.Bg5 O-O 7.e3 Nbd7 8.Qc2 c6
9.a3 b6 10.e4 dxe4 11.Nxe4 Nxe4 12.Bxe7 Qxe7 13.Qxe4 Bb7 14.Bd3 f5 15.Qe3 c5
16.O-O-O Qf6 17.Rhe1 Bxf3 18.gxf3 Rae8 19.Bc2 e5 20.dxc5 Nxc5 21.b4 Na6 22.Rd7 Rf7
23.Qd3 g6 24.Qd5 Kf8 25.Rxf7+ Qxf7 26.Rxe5 Rxe5 27.Qxe5 Qxc4 28.Kb2 Qf7 29.Qh8+ Ke7  1/2-1/2

[Event "SWE-ch"]
[Site "Gothenburg"]
[Date "1990.??.??"]
[Round "?"]
[White "Engqvist, Thomas"]
[Black "Astrom, Robert"]
[Result "1-0"]
[WhiteElo "2335"]
[BlackElo "2315"]

1.d4 Nf6 2.Nf3 e6 3.c4 Bb4+ 4.Bd2 Qe7 5.g3 Nc6 6.Bg2 Bxd2+ 7.Nbxd2 d6 8.O-O a5
9.e4 e5 10.d5 Nb8 11.Ne1 h5 12.h4 O-O 13.Nd3 Bd7 14.c5 Bb5 15.Qb3 Bxd3 16.cxd6 cxd6
17.Qxd3 Na6 18.Rac1 Nc5 19.Qb5 Qd7 20.Qxd7 Nfxd7 21.Nc4 Ra6 22.Bh3 b5 23.Na3 b4
24.Nc4 Rd8 25.Ne3 Nxe4 26.Rc6 Nb8 27.Rc7 g6 28.Rfc1 Nc5 29.Nc4 Nbd7 30.Rc6 Nb8
31.Rc8 Rxc8 32.Bxc8 Ra7 33.Nxd6 Rc7 34.Bh3 Nca6 35.Re1 f6 36.Re2 Kf8 37.f4 Ke7
38.fxe5 fxe5 39.Ne4 Rc1+ 40.Kf2 Nd7 41.d6+ Ke8 42.Ke3 Rc4 43.Rf2 Nac5 44.Nf6+ Nxf6
45.Rxf6 a4 46.Bf1 Rg4 47.Bb5+ Nd7 48.Re6+ Kd8 49.Re7 Nf6 50.Rf7 Rxg3+ 51.Ke2  1-0

[Event "Hastings Challengers9091"]
[Site "Hastings"]
[Date "1990.??.??"]
[Round "?"]
[White "Hebden, Mark"]
[Black "Resende, Antonio Carlos"]
[Result "0-1"]
[WhiteElo "2520"]
[BlackElo "2315"]

1.d4 Nf6 2.Nf3 e6 3.c4 Bb4+ 4.Bd2 Qe7 5.g3 O-O 6.Bg2 Bxd2+ 7.Qxd2 d6 8.Nc3 e5
9.O-O Re8 10.Rac1 c6 11.e4 Bg4 12.Nh4 Na6 13.f4 Be6 14.d5 cxd5 15.exd5 Bd7
16.Rce1 Qd8 17.fxe5 Qb6+ 18.Kh1 Rxe5 19.Rxe5 dxe5 20.d6 Nc5 21.Rxf6 gxf6
22.Nd5 Qxd6 23.Qh6 Kh8 24.b4 Nd3 25.Kg1 Qf8 26.Qd2 e4 27.Bxe4 Ne5 28.Nxf6 Bh3
29.Nd5 Rd8 30.Qg5 f6 31.Qh5 Rd7 32.Ng6+ Nxg6 33.Qxh3 Ne5 34.Qf5 Rf7 35.c5 Nc6
36.g4 Ne7 37.Nxe7 Qxe7 38.Kf2 Qc7 39.Kg2 Qd8 40.Kg3 Qc7+ 41.Qf4 Qd8 42.h4 Qd4
43.Bg2 Qc3+ 44.Bf3 a5 45.a3 Qxa3 46.Qc4 Kg7 47.bxa5 Qxa5 48.Bd5 Qe1+ 49.Kh3 Re7
50.Bf3 Qe3 51.Kg2 Rd7 52.Qe4 Qxc5  0-1

[Event "Capablanca mem-B"]
[Site "Havana"]
[Date "1990.??.??"]
[Round "?"]
[White "Shneider, Aleksandr"]
[Black "Garcia Martinez, Silvino"]
[Result "1-0"]
[WhiteElo "2485"]
[BlackElo "2415"]

1.d4 Nf6 2.c4 e6 3.Nf3 Bb4+ 4.Bd2 c5 5.Bxb4 cxb4 6.g3 O-O 7.Bg2 d6 8.O-O a5
9.Qd3 Nc6 10.d5 exd5 11.cxd5 Nb8 12.Nbd2 Na6 13.Nd4 Nc5 14.Qc2 Bd7 15.Nc4 Qc7
16.Rac1 Rac8 17.Qd2 b5 18.Ne3 Rfe8 19.Nef5 Re5 20.Qg5 Ne8 21.e4 f6 22.Qe3 Bxf5
23.Nxf5 Qd7 24.f4 Qxf5 25.fxe5 Qxe5 26.Qd2 Nc7 27.Rf5 Qe7 28.Qd4 Re8 29.g4 N7a6
30.g5 fxg5 31.Rcf1 Nb8 32.e5 Nbd7 33.e6 Ne5  1-0

[Event "Helsinki SKF op"]
[Site "Helsinki"]
[Date "1990.??.??"]
[Round "?"]
[White "Sorri, Kari Juhani"]
[Black "Pulkkinen, Kari"]
[Result "1-0"]
[WhiteElo "2305"]
[BlackElo "2285"]

1.d4 Nf6 2.c4 e6 3.Nf3 Bb4+ 4.Bd2 Qe7 5.g3 Nc6 6.Bg2 Bxd2+ 7.Qxd2 Ne4 8.Qc2 Qb4+
9.Nc3 Nxc3 10.Qxc3 Qxc3+ 11.bxc3 d6 12.Nd2 Na5 13.Rb1 Bd7 14.f4 Rb8 15.Kf2 Ke7
16.Be4 c5 17.d5 e5 18.Bd3 f5 19.e3 b6 20.Be2 Rbe8 21.Nb3 Nb7 22.Rb2 Kd8 23.a4 Bxa4
24.Ra1 Bxb3 25.Rxa7 Na5 26.Bd1 Re7 27.Ra8+ Kc7 28.Ra7+ Kd8 29.Rxe7 Kxe7 30.Bxb3 Kf6
31.Ba2 Rb8 32.h3 h6 33.g4 g6 34.Rb1 Rb7 35.fxe5+ Kxe5 36.gxf5 Kxf5 37.Ke2 Kf6
38.Kd3 g5 39.Rb2 h5 40.Bb1 g4 41.h4 g3 42.Rg2 Rg7 43.Bc2 Rg4 44.e4 Ke5 45.Bd1 Rg7
46.Bxh5 Kf4 47.Bd1 Nb7 48.h5 Nd8 49.Ke2 Nf7 50.Rg1 Nh6 51.Rf1+ Kxe4 52.Bc2+ Ke5
53.Bg6 b5 54.cxb5 Kxd5 55.Kf3 Kc4 56.b6 d5 57.Kxg3 Kxc3 58.Rc1+ Kd4 59.Kf4 c4
60.Kg5 Ng8 61.Rb1 Rb7 62.Rb5 c3 63.Bc2 Kc4 64.Rb1 Kc5 65.Kg6 d4 66.Be4 Rxb6+
67.Rxb6 Kxb6 68.Kg7 Kc5 69.Bd3 Ne7 70.h6 Nf5+ 71.Bxf5 Kc4 72.h7  1-0

[Event "Helsinki Club-ch"]
[Site "Helsinki"]
[Date "1990.??.??"]
[Round "3"]
[White "Lukacs, Peter"]
[Black "Valkesalmi, Kimmo"]
[Result "1-0"]
[WhiteElo "2505"]
[BlackElo "2400"]

1.d4 Nf6 2.c4 e6 3.Nf3 Bb4+ 4.Bd2 c5 5.Bxb4 cxb4 6.g3 b6 7.Bg2 Bb7 8.O-O O-O
9.Qd3 d6 10.Nbd2 Qe7 11.e4 e5 12.Rfe1 Nc6 13.Rad1 Rfe8 14.Nf1 exd4 15.Nxd4 Nxd4
16.Qxd4 Qe5 17.f3 Rec8 18.Ne3 g6 19.Qd2 b3 20.axb3 Ne8 21.f4 Qg7 22.b4 Rc7
23.b3 h5 24.b5 Nf6 25.e5 dxe5 26.fxe5 Ng4 27.Nxg4 hxg4 28.Qd6 Rac8 29.Bxb7 Rxb7
30.e6 Re8 31.e7 Kh7 32.Rd3 f5 33.Rde3 Qb2 34.b4 Rbb8 35.Qd5 Kg7 36.Re6 Rbc8
37.Qd6  1-0

[Event "Kusadasi op"]
[Site "Kusadasi"]
[Date "1990.??.??"]
[Round "2"]
[White "Vyzmanavin, Alexey"]
[Black "Kuzmin, Gennadi P"]
[Result "0-1"]
[WhiteElo "2560"]
[BlackElo "2495"]

1.d4 Nf6 2.c4 e6 3.Nf3 Bb4+ 4.Bd2 Qe7 5.g3 Nc6 6.Nc3 d5 7.a3 Bxc3 8.Bxc3 Ne4
9.Qc2 a5 10.Bg2 O-O 11.O-O Rd8 12.Rfd1 Bd7 13.b3 Be8 14.Bb2 f6 15.Ne1 Bg6
16.Nd3 Qe8 17.Qc1 Bf7 18.Bxe4 dxe4 19.Nc5 b6 20.Nxe4 Bg6 21.Qe3 e5 22.dxe5 fxe5
23.Ng5 Nd4 24.Bxd4 exd4 25.Rxd4 Rxd4 26.Qxd4 Rd8 27.Qb2 Qd7 28.Nf3 Be4 29.Ne5  0-1

[Event "Kusadasi op"]
[Site "Kusadasi"]
[Date "1990.??.??"]
[Round "4"]
[White "Novikov, Igor A"]
[Black "Kuzmin, Gennadi P"]
[Result "1/2-1/2"]
[WhiteElo "2550"]
[BlackElo "2495"]

1.d4 Nf6 2.c4 e6 3.Nf3 Bb4+ 4.Bd2 Bxd2+ 5.Qxd2 b6 6.g3 Bb7 7.Bg2 O-O 8.Nc3 Ne4
9.Qd3 d5 10.cxd5 Nxc3 11.Qxc3 Bxd5 12.O-O Nd7 13.Rfd1 Qb8 14.Rac1 c5 15.dxc5 Nxc5
16.b4 Ne4 17.Qb2 Nf6 18.Ne5 Bxg2 19.Kxg2 Qb7+ 20.Nc6 Rfd8 21.b5 h6 22.f3 Re8
23.Rc4 a6 24.a4 axb5 25.axb5 Nd5 26.Rd3 f5 27.Ne5 Qa7 28.Kf2 Qa2 29.Rb3 Qa1
30.Qxa1 Rxa1 31.Rc6 g5 32.Nc4  1/2-1/2

[Event "Litomerice"]
[Site "Litomerice"]
[Date "1990.??.??"]
[Round "3"]
[White "Kupka, Slavoj"]
[Black "Ksieski, Zbigniew"]
[Result "1/2-1/2"]
[WhiteElo "2375"]
[BlackElo "2395"]

1.d4 Nf6 2.Nf3 e6 3.c4 Bb4+ 4.Bd2 a5 5.Nc3 d5 6.e3 O-O 7.Bd3 b6 8.O-O Bb7
9.Qe2 Ne4 10.Rfd1 Nd7 11.Be1 Qe7 12.Rac1 f5 13.a3 Bd6 14.Nb5 Rfc8 15.Qc2 c5  1/2-1/2

[Event "Lyon zt"]
[Site "Lyon"]
[Date "1990.??.??"]
[Round "12"]
[White "Lautier, Joel"]
[Black "Brenninkmeijer, Joris"]
[Result "1/2-1/2"]
[WhiteElo "2500"]
[BlackElo "2475"]

1.d4 Nf6 2.c4 e6 3.Nf3 Bb4+ 4.Bd2 Qe7 5.Nc3 O-O 6.g3 d5 7.Qb3 dxc4 8.Qxc4 b6
9.Bg2 Ba6 10.Qb3 Bb7 11.O-O  1/2-1/2

[Event "Mar del Plata op"]
[Site "Mar del Plata"]
[Date "1990.??.??"]
[Round "?"]
[White "Palermo, Vicente"]
[Black "Romero, Martin"]
[Result "1-0"]
[WhiteElo "2300"]
[BlackElo "2265"]

1.d4 Nf6 2.Nf3 e6 3.c4 Bb4+ 4.Bd2 Qe7 5.Nc3 b6 6.e3 Bb7 7.Bd3 O-O 8.O-O c5
9.a3 cxd4 10.Nxd4 Bxc3 11.Bxc3 Nc6 12.Nxc6 dxc6 13.Qc2 e5 14.b4 Rfe8 15.h3 h6
16.f4 exf4 17.exf4 Qe3+ 18.Kh2 Rad8 19.Rf3 Qe7 20.Re1 Qd6 21.Be5 Qe7 22.Rg3 h5
23.Bc3 Qd6 24.c5 Qc7 25.Bxf6 Rxe1 26.Bxg7 Rxd3 27.Qxd3  1-0

[Event "Maribor"]
[Site "Maribor"]
[Date "1990.??.??"]
[Round "9"]
[White "Timoshchenko, Gennadi A"]
[Black "Grosar, Aljosa"]
[Result "1/2-1/2"]
[WhiteElo "2495"]
[BlackElo "2330"]

1.d4 Nf6 2.c4 e6 3.Nf3 Bb4+ 4.Bd2 c5 5.Bxb4 cxb4 6.g3 O-O 7.Bg2 d6 8.O-O Nc6
9.Qd3 e5 10.Nbd2 Re8 11.e4 a5 12.h3 Qb6 13.d5 Nb8 14.Kh2 Na6 15.Ne1 Nc5 16.Qe2 Qa6  1/2-1/2

[Event "Marseille"]
[Site "Marseille"]
[Date "1990.??.??"]
[Round "1"]
[White "Velikov, Petar"]
[Black "Hulak, Krunoslav"]
[Result "1/2-1/2"]
[WhiteElo "2495"]
[BlackElo "2560"]

1.Nf3 Nf6 2.d4 e6 3.c4 Bb4+ 4.Bd2 Qe7 5.g3 Bxd2+ 6.Nbxd2 d6 7.Bg2 e5 8.e4 O-O
9.O-O a5 10.Re1 Nc6 11.d5 Nb8 12.Nb1 Na6 13.Nc3 Nc5 14.b3 Bd7 15.Qd2 c6 16.Rad1 Rfd8  1/2-1/2

[Event "FRG-ch qual"]
[Site "Mengen"]
[Date "1990.??.??"]
[Round "11"]
[White "Schuh, Hubert"]
[Black "Holzhaeuer, Mathias"]
[Result "1/2-1/2"]
[WhiteElo "2375"]
[BlackElo "2315"]

1.d4 Nf6 2.c4 e6 3.Nf3 Bb4+ 4.Bd2 Qe7 5.g3 Nc6 6.Nc3 Bxc3 7.Bxc3 Ne4 8.Rc1 O-O
9.Bg2 Nb4 10.Qa4 a5 11.O-O Ra6 12.Be1 d5 13.a3 Nc6 14.Qc2 Bd7 15.e3 Rc8 16.Bc3 Nd6
17.c5 Ne4 18.Nd2 Nxc3 19.Qxc3 a4 20.Rfe1 Na7 21.e4  1/2-1/2